5 Línguas com Mais Falantes Nativos por Continente - Statistics

Estatísticas Gerais
  • Esse quiz foi jogado 16 930 vezes
  • A pontuação média é 10 de 23
Estatísticas das Respostas
Continente Língua % Correto
América do Norte, América do Sul Espanhol
99%
América do Norte, Europa, Oceania Inglês
99%
América do Sul Português
99%
América do Norte, Europa Francês
96%
América do Norte, Ásia Chinês (Mandarim)
95%
Europa Alemão
86%
Europa Russo
83%
Ásia Japonês
81%
Europa Italiano
79%
África, Ásia Árabe
71%
Ásia Hindustâni (Hindi)
44%
América do Sul Guarani
34%
Ásia Bengali
14%
América do Sul Quíchua
10%
Oceania Maori
9%
África Amárico
7%
África Iorubá
7%
América do Sul Aimará
4%
América do Norte Crioulo Haitiano
4%
Oceania Fijiano
4%
Oceania Hindustâni (Hindi Fijiano)
4%
África Oromo, Igbo, Fula
4%
África Hauçá
2%
Nenhum quiz correspondente encontrado
Distribuição das Pontuações
Porcentagem de Pessoas com Cada Pontuação
Percentil de Números Respondidos
Sua Pontuação Histórica
Você não jogou esse quiz